जड़ी बूटियों से इलाज (Record no. 13929)

MARC details
000 -LEADER
fixed length control field 01078nam a22002297a 4500
005 - DATE AND TIME OF LATEST TRANSACTION
control field 20080624115738.0
008 - FIXED-LENGTH DATA ELEMENTS--GENERAL INFORMATION
fixed length control field 080624t xxu||||| |||| 00| 0 hin d
010 ## - LCCN (DPL NO)
LC control number HIN-46046
020 ## - INTERNATIONAL STANDARD BOOK NUMBER
Terms of availability 30.00
035 ## - SYSTEM CONTROL NUMBER
System control number HN-27361
035 ## - SYSTEM CONTROL NUMBER
System control number A-987863
037 ## - SOURCE OF ACQUISITION
Source of stock number/acquisition DBAD
040 ## - CATALOGING SOURCE
Original cataloging agency dpl
Language of cataloging HN
082 ## - DEWEY DECIMAL CLASSIFICATION NUMBER
Classification number 615.321 / शर्मारा
100 ## - MAIN ENTRY--PERSONAL NAME
Personal name शर्मा, राजीव
9 (RLIN) 48782
245 ## - TITLE STATEMENT
Title जड़ी बूटियों से इलाज
Statement of responsibility, etc राजीव शर्मा
260 ## - PUBLICATION, DISTRIBUTION, ETC. (IMPRINT)
Place of publication, distribution, etc नई दिल्ली
Name of publisher, distributor, etc डायमंड कामिक्स
Date of publication, distribution, etc 1999
300 ## - PHYSICAL DESCRIPTION
Extent 128पृ.
Dimensions 23सेमी
942 ## - ADDED ENTRY ELEMENTS (KOHA)
Item type Hindi Books
Source of classification or shelving scheme Dewey Decimal Classification
Classification part 615.321
Call number suffix शर्मारा
Holdings
Withdrawn status Lost status Source of classification or shelving scheme Damaged status Not for loan Collection code Home library Current library Date acquired Cost, normal purchase price Total Checkouts Full call number Barcode Date last seen Copy number Cost, replacement price Koha item type
    Dewey Decimal Classification   Not For Loan Non-fiction D.B.Act.Division D.B.Act.Division 24/06/2008 30.00   615.321 / शर्मारा HN-27361 15/09/2008 1 30.00 Hindi Books
    Dewey Decimal Classification     Non-fiction Sarojini Nagar Sarojini Nagar 09/06/2012 30.00   615.321 शर्मारा A-987863 09/06/2012   30.00 Hindi Books

© Delhi Public Library
Hit Counter
free hit counter